000 00364nam a2200109Ia 4500
008 171204s9999 xx 000 0 und d
245 4 _aThe Economics Of A Video Game: economics Of Entertainment
245 _cKathryn Hulick
260 _c2014
650 _xVIDEO PRODUCTION AND DIRECTION
856 _uhttp://down.ebook777.com/022/TheEcoOfAVidGam(ecOfEntByKatHul.pdf
999 _c346203
_d346203